Postavenie vidieka a jeho religiozity v reprodukcii obyvateľstva SR
Štatisticko-demografická analýza reprodukcie obyvateľstva Slovenskej republiky poukazuje na skutočnosť, že religiozita obyvateľstva podľa analýzy za rok 1994 podstatne kladne vplýva na jeho reprodukciu. Vidiecke okresy s najväčším počtom veriacich majú najvyššiu pôrodnosť a najnižšiu potratovosť a r...
Guardado en:
| Autor principal: | |
|---|---|
| Otros Autores: | |
| Formato: | Capítulo de libro |
| Lenguaje: | eslovaco |
| Materias: | |
| Etiquetas: |
Sin Etiquetas, Sea el primero en etiquetar este registro!
|
MARC
| LEADER | 00000naa a2200000 4500 | ||
|---|---|---|---|
| 001 | r020659 | ||
| 005 | 20230922105927.0 | ||
| 041 | 0 | |a slo | |
| 044 | |a CZ | ||
| 245 | 1 | 0 | |a Postavenie vidieka a jeho religiozity v reprodukcii obyvateľstva SR |c J. Hrubý, J. Farská |
| 520 | |a Štatisticko-demografická analýza reprodukcie obyvateľstva Slovenskej republiky poukazuje na skutočnosť, že religiozita obyvateľstva podľa analýzy za rok 1994 podstatne kladne vplýva na jeho reprodukciu. Vidiecke okresy s najväčším počtom veriacich majú najvyššiu pôrodnosť a najnižšiu potratovosť a rozvodovosť. | ||
| 610 | 2 | 0 | |a reprodukcia obyvateľstva |
| 610 | 2 | 0 | |a cirkev |
| 610 | 2 | 0 | |a náboženstvo |
| 610 | 2 | 0 | |a Slovensko |
| 610 | 2 | 0 | |a sčítanie ľudu |
| 610 | 2 | 0 | |a vidiek |
| 610 | 2 | 0 | |a regióny |
| 610 | 2 | 0 | |a analýza štatistická |
| 610 | 2 | 0 | |a pôrodnosť |
| 100 | 1 | |a Hrubý, J. | |
| 700 | 1 | |a Farská, J. | |